Peter Bosz' Olympique Lyon - Statistics

General Stats
  • This quiz has been taken 7 times
  • The average score is 19 of 37
Answer Stats
Rank Player Position Nationality Matches Goals Assists % Correct
2 Anthony Lopes Goalkeeper 49 0 0
100%
1 Karl Toko Ekambi Centre-Forward 50 22 8
100%
28 Alexandre Lacazette Centre-Forward 10 4 2
86%
14 Bruno Guimarães Defensive Midfield 25 0 6
86%
24 Islam Slimani Centre-Forward 16 4 1
86%
27 Nicolás Tagliafico Left-Back 10 1 0
86%
30 Corentin Tolisso Central Midfield 9 0 0
71%
10 Emerson Left-Back 36 1 2
71%
6 Houssem Aouar Attacking Midfield 46 8 4
71%
19 Jason Denayer Centre-Back 20 3 1
71%
13 Jérôme Boateng Centre-Back 27 0 2
71%
5 Lucas Paquetá Attacking Midfield 46 11 8
71%
11 Rayan Cherki Right Winger 29 2 7
71%
26 Tanguy Ndombélé Central Midfield 15 1 2
71%
34 Marcelo Centre-Back 2 0 0
57%
8 Moussa Dembélé Centre-Forward 43 24 8
57%
23 Xherdan Shaqiri Attacking Midfield 16 2 3
57%
21 Bradley Barcola Left Winger 20 0 2
43%
7 Malo Gusto Right-Back 46 0 6
43%
3 Maxence Caqueret Central Midfield 48 0 1
43%
36 Maxwel Cornet Left Winger 1 0 0
43%
18 Tetê Right Winger 21 7 8
43%
4 Thiago Mendes Defensive Midfield 47 1 2
43%
9 Castello Lukeba Centre-Back 39 3 0
29%
22 Jeff Reine-Adélaïde Attacking Midfield 18 0 1
29%
31 Julian Pollersbeck Goalkeeper 8 0 0
29%
12 Léo Dubois Right-Back 28 0 3
29%
33 Rémy Riou Goalkeeper 4 0 0
29%
17 Romain Faivre Right Midfield 23 3 1
29%
25 Sinaly Diomandé Centre-Back 16 0 0
29%
20 Tino Kadewere Centre-Forward 20 1 0
29%
16 Damien Da Silva Centre-Back 23 0 0
14%
32 Habib Keïta Central Midfield 6 0 0
14%
15 Henrique Silva Left-Back 25 0 1
14%
35 Hugo Vogel Left-Back 2 0 0
14%
29 Johann Lepenant Defensive Midfield 9 0 0
14%
37 Saël Kumbedi Right-Back 1 0 0
14%
No matching quizzes found
Score Distribution
Percent of People with Each Score
Percentile by Number Answered
Your Score History
You have not taken this quiz